|
|
|
|
| LEADER |
01906njm a2200481 a 4500 |
| 001 |
000605930 |
| 003 |
CZ BrMZK |
| 005 |
20040212092849.0 |
| 007 |
sd fsngnnmmned |
| 008 |
020612c19942001xr ar f ita d |
| 028 |
0 |
1 |
|a 10
|b Trade & Leisure Publications
|
| 040 |
|
|
|a BOA001
|b cze
|
| 047 |
|
|
|a ar
|
| 048 |
|
|
|a ob
|b vb
|b ve
|b vf
|
| 080 |
|
|
|a 78.086.1
|2 MRF
|
| 080 |
|
|
|a (086.7)
|2 MRF
|
| 100 |
1 |
|
|a Pecková, Dagmar,
|d 1961-
|7 jn19990209639
|4 sng
|
| 245 |
1 |
0 |
|a Árie z Mozartových oper
|h [zvukový záznam]
|
| 260 |
|
|
|a Praha :
|b Trade & Leisure Publications,
|c c2001
|
| 300 |
|
|
|a 1 zvuková deska (55:38) :
|b digital, stereo ;
|c 12 cm +
|e 1 leták (12 x 12 cm)
|
| 306 |
|
|
|a 005538
|
| 500 |
|
|
|a Nahráno ve Studiu Domovina v září 1994
|
| 500 |
|
|
|a Původní fonogram p1994 Supraphon
|
| 500 |
|
|
|a Kompaktní deska (DDD)
|
| 500 |
|
|
|a Vydáno jako příloha časopisu Stereo & Video č. 10/2001
|
| 505 |
0 |
|
|a Árie z oper: Le nozze di Figaro -- Don Giovanni -- Cosi fan tute -- La clemenza di Tito
|
| 511 |
0 |
|
|a Dagmar Pecková, mezzosoprán; Ivan Kusnjer, baryton; Jiří Sulženko, bas
|
| 511 |
0 |
|
|a Pražská komorní harmonie, dirigent Jiří Bělohlávek
|
| 650 |
0 |
4 |
|a árie (hlas, komorní orchestr)
|
| 655 |
|
4 |
|a árie
|
| 655 |
|
4 |
|a opery
|
| 700 |
1 |
|
|a Sulženko, Jiří,
|d 1958-
|7 jn19990209812
|4 sng
|
| 700 |
1 |
|
|a Bělohlávek, Jiří,
|d 1946-2017
|7 jn19990201024
|4 cnd
|
| 700 |
1 |
|
|a Mozart, Wolfgang Amadeus,
|d 1756-1791
|7 jn19990005867
|4 cmp
|
| 700 |
1 |
|
|a Kusnjer, Ivan,
|d 1951-
|7 jn99240000573
|4 sng
|
| 710 |
2 |
|
|a Pražská komorní filharmonie
|7 kn20030215092
|4 prf
|
| 740 |
0 |
2 |
|a Don Giovanni, K. 527
|
| 740 |
0 |
2 |
|a Figarova svatba, K. 492
|
| 740 |
4 |
2 |
|a La clemenza di Tito, K. 621
|
| 740 |
0 |
2 |
|a Cosi fan tute, K. 621
|
| 910 |
|
|
|a BOA001
|b CD-0010.465
|
| 990 |
|
|
|a AV
|
| 996 |
6 |
|
|b 261H011410
|c CD-0010.465
|l MZK
|r Sklad / do 24 hodin
|n 0
|w 000605930
|u 000010
|a 1
|e BOA001
|j MZK50
|s P
|